[Event "Chioggia op-A 14th"]
[Site "Chioggia"]
[Date "2019.10.06"]
[Round "5"]
[White "Tonetto, Federico"]
[Black "Pasin, Mattia"]
[Result "1-0"]
[WhiteElo "2027"]
[BlackElo "1911"]
[PlyCount "79"]
[EventDate "2019.10.04"]
[EventType "swiss"]
[EventRounds "5"]
[EventCountry "ITA"]
[SourceTitle "EXT 2022"]
[Source "ChessBase"]
[SourceDate "2021.10.06"]
[SourceVersion "1"]
[SourceVersionDate "2021.10.06"]
[SourceQuality "1"]

1. e4 c5 2. d3 Nc6 3. g3 e6 4. Bg2 Nge7 5. Nf3 Ng6 6. 0-0 Be7 7. c3 0-0 8. Nbd2 b5 9. a4 b4 10. Re1 d6 11. Nc4 a5 12. d4 Ba6 13. Ne3 Qc7 14. h4 Bf6 15. h5 Nge7 16. Ng4 Rfd8 17. Nxf6+ gxf6 18. Bh6 Kh8 19. d5 Ne5 20. Nxe5 dxe5 21. Qg4 Ng6 22. hxg6 fxg6 23. Qxe6 Rd6 24. Qg4 Rb8 25. Be3 bxc3 26. bxc3 Rdb6 27. Bf1 Bc8 28. Qh4 Qd6 29. Bb5 Ba6 30. c4 R8b7 31. Reb1 Kg8 32. Qg4 Kg7 33. Qd1 h5 34. Bxa6 Rxb1 35. Rxb1 Qxa6 36. Rb5 Rc7 37. Qb3 h4 38. Rb8 Rf7 39. Qb5 Qa7 40. Qe8 1-0

[Event "Chioggia op-A 14th"]
[Site "Chioggia"]
[Date "2019.10.05"]
[Round "3"]
[White "Bacchini, Stefano"]
[Black "Tonetto, Federico"]
[Result "1-0"]
[WhiteElo "1934"]
[BlackElo "2027"]
[PlyCount "85"]
[EventDate "2019.10.04"]
[EventType "swiss"]
[EventRounds "5"]
[EventCountry "ITA"]
[SourceTitle "EXT 2022"]
[Source "ChessBase"]
[SourceDate "2021.10.06"]
[SourceVersion "1"]
[SourceVersionDate "2021.10.06"]
[SourceQuality "1"]

1. f4 d5 2. Nf3 g6 3. e3 Bg7 4. Be2 c5 5. d3 Nf6 6. 0-0 Nc6 7. Nc3 0-0 8. Ne5 Qc7 9. Nxc6 Qxc6 10. Bf3 Rd8 11. Qe1 Qc7 12. e4 dxe4 13. dxe4 e5 14. f5 b6 15. Qh4 Ba6 16. Be2 Bxe2 17. Nxe2 Qc6 18. Bg5 Rd6 19. Nc3 Rf8 20. Rf3 Rd4 21. fxg6 fxg6 22. Bxf6 Bxf6 23. Qf2 Bg7 24. Nd5 Qe8 25. Rf1 Rxf3 26. Qxf3 c4 27. b3 cxb3 28. cxb3 Rd2 29. a4 Rc2 30. h3 Rc8 31. Qg4 Rd8 32. Rc1 Qd7 33. Rc8 Qe8 34. Rc7 Qf8 35. Rxa7 b5 36. Kh1 bxa4 37. bxa4 Rb8 38. Qe6+ Kh8 39. Rf7 Qd8 40. Qd7 Qg8 41. a5 Ra8 42. Re7 Bf8 43. Nf6 1-0

[Event "Cesenatico op 23rd"]
[Site "Cesenatico"]
[Date "2019.09.02"]
[Round "2"]
[White "Tonetto, Federico"]
[Black "Dittmar, Peter"]
[Result "1/2-1/2"]
[WhiteElo "1916"]
[BlackElo "2259"]
[PlyCount "78"]
[EventDate "2019.09.01"]
[EventType "swiss"]
[EventRounds "9"]
[EventCountry "ITA"]
[SourceTitle "EXT 2020"]
[Source "ChessBase"]
[SourceDate "2019.10.17"]
[SourceVersion "1"]
[SourceVersionDate "2019.10.17"]
[SourceQuality "1"]

1. e4 c6 2. d4 d5 3. Nd2 Qc7 4. Bd3 dxe4 5. Nxe4 Bf5 6. Nc5 Bxd3 7. Nxd3 e6 8. Bf4 Bd6 9. Bxd6 Qxd6 10. Qg4 g6 11. Nf3 Nf6 12. Qg5 Nbd7 13. 0-0 h6 14. Qa5 0-0 15. Rfe1 Rfd8 16. Rad1 b6 17. Qd2 Kg7 18. Qe2 Qc7 19. c3 c5 20. dxc5 Nxc5 21. Nxc5 Qxc5 22. Rd3 Rxd3 23. Qxd3 Qd5 24. Qxd5 Nxd5 25. Re4 Rc8 26. Kf1 Rc7 27. Ke2 Nf6 28. Rd4 Nd7 29. Nd2 Nc5 30. Ne4 Nxe4 31. Rxe4 Kf6 32. Ke3 Ke7 33. Kd3 f5 34. Rc4 Rd7+ 35. Rd4 Rb7 36. f4 g5 37. g3 Rc7 38. Rc4 Rd7+ 39. Rd4 Rc7 1/2-1/2

[Event "Porto San Giorgio op"]
[Site "Porto San Giorgio"]
[Date "2019.08.25"]
[Round "2"]
[White "Bettalli, Francesco"]
[Black "Tonetto, Federico"]
[Result "1/2-1/2"]
[WhiteElo "2194"]
[BlackElo "1916"]
[PlyCount "65"]
[EventDate "2019.08.24"]
[EventType "swiss"]
[EventRounds "9"]
[EventCountry "ITA"]
[SourceTitle "EXT 2020"]
[Source "ChessBase"]
[SourceDate "2019.10.17"]
[SourceVersion "1"]
[SourceVersionDate "2019.10.17"]
[SourceQuality "1"]

1. d4 Nf6 2. c4 g6 3. Nc3 Bg7 4. e4 d6 5. Nf3 0-0 6. Be2 e5 7. Be3 Na6 8. 0-0 Ng4 9. Bg5 Qe8 10. h3 h6 11. Bc1 exd4 12. Nxd4 Nf6 13. Bf3 Nc5 14. Re1 a6 15. Nd5 Qd8 16. b3 Re8 17. Nxf6+ Qxf6 18. Bb2 Qh4 19. Qc2 Bd7 20. Rad1 Rad8 21. Re3 Be5 22. Rde1 Qf6 23. Qd1 Ne6 24. Nxe6 Rxe6 25. Bxe5 Rxe5 26. Bg4 Bc6 27. g3 Rde8 28. Bf3 h5 29. Bg2 h4 30. f4 R5e7 31. Kh2 hxg3+ 32. Kxg3 Kg7 33. Qf3 1/2-1/2